01018nam a2200253 i 4500001001000000003000900010005001700019007000300036008004100039040003000080041000800110082003100118100004600149245015100195250002200346264004400368300005300412336002700465337003300492338002800525500002100553500004200574856014800616000039125DO-SdBNP20250912140612.0ta250912s2013 dr co 001 0 spa d aDO-SdBNPbspacBNPHUerda aspa a230.0711 bS127o, 20132221 a Sáez , José Luisd1937-eautor4aut.13aLa otra historia del Seminario Pontificio Santo Tomas de Aquino :bapuntes para una nueva historia del Centro Educativo más antiguo del país / aPrimera edición aSanto Domingo :bEditora Búho,c2013. a166 páginas ;bretratos, fotografíasc22 cm. atextobtxt2rdacontent asin mediaciónbn2rdamedia avolumenbnc2rdacarrier aIncluye índice aIncluye notas al pie de las páginas 2yhttps://catalogo.academiadominicanahistoria.org.do/opac-tmpl/files/libros/Saez-JoseL-LaOtraHistoriadelSeminarioPontificioSantoTomasdeAquino.pdf